Library Banner

نام ورمسلم سائنس دان (Record no. 79294)

MARC details
000 -LEADER
fixed length control field 00407nam a22001457a 4500
005 - DATE AND TIME OF LATEST TRANSACTION
control field 20151201094305.0
008 - FIXED-LENGTH DATA ELEMENTS--GENERAL INFORMATION
fixed length control field 151201b xxu||||| |||| 00| 0 eng d
040 ## - CATALOGING SOURCE
Transcribing agency PK-LaUMT
082 ## - DEWEY DECIMAL CLASSIFICATION NUMBER
Classification number MSC 509.2
Item number HAM-N
100 ## - MAIN ENTRY--PERSONAL NAME
Personal name حمید عسکری
245 ## - TITLE STATEMENT
Title نام ورمسلم سائنس دان
Statement of responsibility, etc حمید عسکری
260 ## - PUBLICATION, DISTRIBUTION, ETC. (IMPRINT)
Place of publication, distribution, etc لاہور
Name of publisher, distributor, etc مجلس ترقی ادب
Date of publication, distribution, etc 2008
300 ## - PHYSICAL DESCRIPTION
Extent 338 ص
942 ## - ADDED ENTRY ELEMENTS (KOHA)
Koha item type Books
Holdings
Withdrawn status Lost status Damaged status Home library Current library Date acquired Full call number Barcode Date last seen Price effective from Koha item type
      UMT Main Campus UMT Main Campus 2015-12-01 MSC 509.2 HAM-N 95196 2021-02-04 2015-12-01 Books